01018 a2200169 45000010006000000050017000060080041000230030015000640400040000790800048001192450023001672640029001903000019002195050567002381000019008057000024008245489120260407155824.0260407a1967 arg spa dAR-UNSa-BCEJYS aAR-UNSa-BCEJYSbspacAR-UNSa-BCEJYS a314xDemografía. Estudios de población 10aLa cantidad humana 1aBarcelona :bLaborc1967 a206 p.c19 cm. aPrimera parte: La humanidad obrera - 1. La transformación de los problemas de subsistencia - 2. La transformación de los problemas de seguridad - 3. La transformación de los problemas de promoción - Segunda parte: La cantidad humana - 1. La cantidad humana industrial - 2. La cantidad humana urbana - 3. La cantidad humana crítica - Tercera parte: El porvenir humano - 1. La historia y los mitos - 2. El sentido de la historia y la metafísica - 3. La historia y los valores - 4. El sentido de la historia y la crítica - 5. La historia y la libertad1 aIdiart, Pierre1 aGutierrez, Fernando